Wang & Bank Negara Malaysia

Bibliographic Details
Main Author: Aira Bt Ariffin
Other Authors: Mohd Idris Johari
Format: Book
Published: Petaling Jaya : Penerbit Femina , 2006
Series:Siri Perbankan dan Kewangan
Subjects:

MARC

LEADER 00000cam a2200000 7i4500
001 0000019682
005 20080708.0
008 080618
020 |a 9833389058 
090 0 0 |a 332.09595   |b AIR 
100 1 |a Aira Bt Ariffin 
245 1 0 |a Wang & Bank Negara Malaysia   |c Aira Bt Ariffin, Mohd Idris Johari 
246 1 |a Wang dan Bank Negara Malaysia 
260 |a Petaling Jaya :   |b Penerbit Femina ,   |c 2006 
440 |a Siri Perbankan dan Kewangan 
650 0 |a Bank and banking   |z Malaysia   |x Juvenile literature 
650 0 |a Finance   |z Malaysia   |x Juvenile literature 
650 0 |a Malaysia   |x Economic conditions   |x Juvenile literature 
700 1 |a Mohd Idris Johari 
999 |a 0001024814   |b Book   |c Adult Collection   |e Cawangan Bandar Penawar 
999 |a 0001024815   |b Book   |c Adult Collection   |e Perbadanan Perpustakaan Awam Johor 
999 |a 0001024816   |b Book   |c Adult Collection   |e Cawangan Bandar Penawar 
999 |a 0001024817   |b Book   |c Adult Collection   |e Cawangan AEON Kulaijaya 
999 |a 0001024818   |b Book   |c Adult Collection   |e Perbadanan Perpustakaan Awam Johor 
999 |a 0001139771   |b Book   |c Adult Collection   |e Cawangan Segamat 
999 |a 0001139772   |b Book   |c Adult Collection   |e Cawangan Tmn. Ungku Tun Aminah